00551 2200205 4500001002100000005001500021035002000036007000300056008004100059020001800100082001200118084001800130100003400148245005900182250001100241260003400252300002500286650002100311990001300332INLIS00000000000044420170930122946 a0010-0917000430ta170930 f 0 ind  a979-668-526-4 a297.672 a297.672 SAY r0 aSayyid, Abdul Basith Muhammad1 aRahasia Kesehatan Nabi /cAbdul Basith Muhammad Sayyid aCet. 4 aSolo :bTiga Serangkai,c2008 a276hlm ;c13 x 21 cm aKedokteran Islam a1071 682